Science Quiz

Random Science or Astronomy Quiz

Planetary Profile: Mercury Quiz Stats

 Plays Quiz Updated Aug 31, 2017

Challenge
Share
Tweet
Embed
Score 0/10 Timer 05:00
2 Plays Today
Hint Answer % Correct
Number from the Sun
A) 45th B) 2nd C) 9th D) 1st
???
91.1%
Demonym
A) Mercurian B) Hermatian C) Mercucian D) Mercurious
???
81.8%
Greek name
A) Ares B) Hermes C) Diana D) Osiris
???
78.7%
Number of naturally orbiting satellites
A) 1 B) 2 C) 0 D) 16
???
75.9%
Type of planet
A) Asteroidical B) Terrestrial C) Gaseous D) Lunar
???
73.2%
Year of first flyby by a probe
A) 1896 B) 1960 C) 2004 D) 1974
???
63.2%
Largest crater
A) Caloris Basin B) Raphael Crater C) Monet Basin D) The Big Hole
???
52.8%
Name of orbiting research satellite
A) Voyager B) Monitor C) Messenger D) Viking
???
48.7%
Approximate mass ratio compared to Earth?
A) 1.5 B) .5 C) .1 D) .05
???
45.3%
Most abundant atmospheric element
A) Flerovium B) Oxygen C) Carbon D) Silicon
???
29.6%

You're not logged in!

Compare scores with friends on all Sporcle quizzes.
Join for Free
OR
Log In

You Might Also Like...

Show Comments

Extras

Top Quizzes Today


Score Distribution

Your Account Isn't Verified!

In order to create a playlist on Sporcle, you need to verify the email address you used during registration. Go to your Sporcle Settings to finish the process.

Report this User

Report this user for behavior that violates our Community Guidelines.

Details: